Abbott Keith (Record no. 233)
[ view plain ]
| 000 -LEADER | |
|---|---|
| fixed length control field | 00411nam a2200157Ia 4500 |
| 008 - FIXED-LENGTH DATA ELEMENTS--GENERAL INFORMATION | |
| fixed length control field | 151015s9999 xx 000 0 und d |
| 020 ## - INTERNATIONAL STANDARD BOOK NUMBER | |
| International Standard Book Number | 826458602 |
| 050 ## - LIBRARY OF CONGRESS CALL NUMBER | |
| Classification number | KD 2079. A63 2007 |
| 245 ## - TITLE STATEMENT | |
| Title | Abbott Keith |
| 250 ## - EDITION STATEMENT | |
| Edition statement | _Business law(8th ed.) Keith Abbott |
| 260 ## - PUBLICATION, DISTRIBUTION, ETC. (IMPRINT) | |
| Place of publication, distribution, etc. | 7th ed. |
| 300 ## - PHYSICAL DESCRIPTION | |
| Extent | UK Thomson 2002 |
| 500 ## - GENERAL NOTE | |
| General note | includes index |
| 650 ## - SUBJECT ADDED ENTRY--TOPICAL TERM | |
| Topical term or geographic name as entry element | _law business |
| 700 ## - ADDED ENTRY--PERSONAL NAME | |
| Personal name | ^d20120621 10:49:57^oanne |
No items available.